| 000 | 00738nam a2200253 a 4500 | ||
|---|---|---|---|
| 001 | 000044245 | ||
| 003 | DO-SdBNP | ||
| 005 | 20180322135745.0 | ||
| 007 | 000044245 | ||
| 008 | 140611s2010 dr a 000 j spa d | ||
| 020 | _a9789945121988 | ||
| 040 |
_aBPMSU _bspa _cBPMSU |
||
| 082 | 0 | 4 |
_a863.4408 _bN964a |
| 245 | 0 | 0 | _aNueva antología de cuentistas caribeños |
| 260 |
_aSanto Domingo : _bSusaeta, _c200-? |
||
| 300 |
_a127 p. : _bil. ; _c21 cm. |
||
| 490 | 1 | _aBiblioteca susaeta | |
| 650 | 4 |
_aCUENTOS CARIBEÑOS _xCOLECCIONES |
|
| 650 | 4 |
_aLITERATURA CARIBEÑA _xCOLECCIONES |
|
| 830 | 0 | _aBiblioteca susaeta | |
| 942 |
_2ddc _cBK |
||
| 945 | _aRemanejado para la BNPHU, 2017/ VM | ||
| 956 |
_aVMATEO _b10 _c20150305 _lBPMUS _h00151 |
||
| 999 |
_c7550 _d7550 |
||